El hijo y otros cuentos

Guardado en:
Bibliografiske detaljer
Hovedforfatter: Quiroga, Horacio 1878-1937
Format: Documento de Gobierno Bog
Sprog:Spanish
Udgivet: México Editores Mexicanos Unidos 1996
Udgivelse:1. edición
Fag:
Tags: Tilføj Tag
Ingen Tags, Vær først til at tagge denne postø!

MARC

LEADER 00000nam a22000007a 4500
007 ta
008 140130s1996 mx |||f |||| 000 1dspa d
020 |a 9681500539 
040 |a cru CIICLA Universidad de Costa Rica 
086 |a U863.4 Q8h 
100 1 |a Quiroga, Horacio  |d 1878-1937 
245 1 3 |a El hijo y otros cuentos  |c Horacio Quiroga 
250 |a 1. edición  
260 |a México  |b Editores Mexicanos Unidos  |c 1996 
300 |a 159 páginas 
650 4 |a LITERATURA URUGUAYA   |v CUENTOS 
942 |2 ddc  |c BK 
999 |c 3175  |d 3175